Nikolaj Alexandrovič Ostrovskij

Bibliographic Details
Main Author: Ostrovskij, Nikolaj Aleksejevič, 1904-1936 (Author)
Format: Book
Language:Undetermined
PhysicalDescription:4 s.
Published: Olomouc Okresní knihovna 1974

MARC

LEADER 00000nam a2200000 a 4500
001 vtls001411989
003 SK-MaSNL
005 20260301162141.0
008 240314s1974 xx 0 und
035 |a SNK000366699 
040 |a SNK  |b slo  |c SNK  |e AACR2 
100 1 |a Ostrovskij, Nikolaj Aleksejevič,  |d 1904-1936  |4 aut  |9 123328 
245 1 0 |a Nikolaj Alexandrovič Ostrovskij 
260 |a Olomouc  |b Okresní knihovna  |c 1974 
300 |a 4 s. 
958 |a OND 
999 |c 812190  |d 814120 
952 |t P60, <04>, [BOOK], {604}  |a SNK  |b SNK  |y VYP  |7 0  |p 17A0297981  |o snkIC 58561 D1  |0 0  |1 1  |4 0  |d 2001-04-23  |l 0  |r 2005-01-02 00:00:00  |w 2026-02-24